00482nam a2200193Ia 4500008004100000100000900041245006300050260001100113300002100124440001300145521000800158650001500166650001800181650001100199650001700210650002800227650002100255650001200276140626s9999 xx 000 0 und d aDPA. aBuenos aires, Argentina :b Paris of South America /cDPA. cc2012. a13 : 10, page 66 aCruising aTOU aArgentina. aBuenos Aires. aCharm. aDestination. aParis of South America. aSan Telmo plaza. aTravel.